| 000 | 00435pam a2200157 a 4500 | ||
|---|---|---|---|
| 020 | _a0471039144 | ||
| 040 | _cDLC | ||
| 082 | 0 | 0 | _a304 JOH 1996 AO17 Or. |
| 100 | 1 | _aDe Blij, Harm J. | |
| 245 | 1 | 0 |
_aHuman geography : _bculture, society, and space / |
| 250 | _a5th ed. | ||
| 260 |
_aNew York : _bJohn Wiley, _cc1996. |
||
| 300 |
_a1 v. (various pagings) : _bcol. ill., col. maps ; _c29 cm. |
||
| 650 | 0 | _aHuman geography. | |
| 942 | _cEK | ||
| 999 |
_c11935 _d11935 |
||